| 000 | 00519nam a2200169Ia 4500 | ||
|---|---|---|---|
| 999 |
_c12583 _d12583 |
||
| 003 | OSt | ||
| 005 | 20201015111830.0 | ||
| 008 | 190216s9999||||xx |||||||||||||| ||und|| | ||
| 040 | _coclc | ||
| 082 |
_a822.912 _bSIN/S |
||
| 100 |
_aSingh, Satyanarain _95220 |
||
| 245 | 0 |
_aSelected One-Act Plays / _cSatyanarain Singh |
|
| 260 |
_bThe Macmillian Co. Of India Ltd, _c1977. _aBombay: |
||
| 300 | _a126p | ||
| 650 | _aEnglish Novel-English Novel | ||
| 942 |
_cBK _2ddc _h822.912 _iSIN/S _k822.912 _mSIN/S |
||